[Event "Abakan Khakassia-ch"]
[Site "Abakan"]
[Date "2014.02.27"]
[Round "6"]
[White "Posvalyuk, Viacheslav"]
[Black "Kokov, Georgy"]
[Result "1-0"]
[WhiteElo "2115"]
[BlackElo "2039"]
[PlyCount "69"]
[EventDate "2014.02.22"]
[EventType "swiss"]
[EventRounds "9"]
[EventCountry "RUS"]
[SourceTitle "CBM 159 Extra"]
[Source "ChessBase"]
[SourceDate "2014.04.24"]
[SourceVersion "1"]
[SourceVersionDate "2014.04.24"]
[SourceQuality "1"]

1. d4 d5 2. c4 e6 3. Nc3 Nf6 4. Nf3 c6 5. Bg5 dxc4 6. e3 Bb4 7. Bxc4 Qa5 8. Bxf6 Bxc3+ 9. bxc3 Qxc3+ 10. Nd2 gxf6 11. 0-0 Nd7 12. Ne4 Qa3 13. Qf3 f5 14. Ng3 Qd6 15. Rfd1 Nf6 16. e4 Nxe4 17. Nxe4 fxe4 18. Qxe4 Bd7 19. d5 cxd5 20. Bxd5 Bc6 21. Bxc6+ Qxc6 22. Qf4 Qc3 23. Rac1 Qg7 24. Qd6 Qg5 25. Rc7 Rd8 26. Qxd8+ Qxd8 27. Rxd8+ Kxd8 28. Rxb7 Kc8 29. Rxa7 Kb8 30. Rxf7 Rd8 31. Kf1 Rd2 32. Re7 Rxa2 33. Rxe6 Kc8 34. Re8+ Kd7 35. Rh8 1-0

[Event "Khakassia-ch op"]
[Site "Abakan"]
[Date "2010.02.26"]
[Round "7"]
[White "Kokov, Georgy"]
[Black "Kravchenko, Konstantin"]
[Result "1-0"]
[WhiteElo "2017"]
[BlackElo "1937"]
[PlyCount "127"]
[EventDate "2010.02.20"]
[EventType "swiss"]
[EventRounds "9"]
[EventCountry "RUS"]
[SourceTitle "EXT 2023"]
[Source "ChessBase"]
[SourceDate "2022.10.05"]
[SourceVersion "1"]
[SourceVersionDate "2022.10.05"]
[SourceQuality "1"]

1. e4 c5 2. Nf3 d6 3. d4 cxd4 4. Nxd4 Nf6 5. Nc3 a6 6. Be2 e6 7. Be3 Qc7 8. 0-0 Nbd7 9. a4 b6 10. Rc1 Bb7 11. f3 d5 12. exd5 Nxd5 13. Nxd5 Bxd5 14. c4 Bb7 15. Qe1 Bc5 16. b4 Bd6 17. Qh4 Bxb4 18. Qg4 Bc5 19. Qxg7 Qe5 20. Qxe5 Nxe5 21. Rfd1 a5 22. Kf2 Rc8 23. Nb5 Ke7 24. Bxc5+ Rxc5 25. Rd4 Rd8 26. Rcd1 Rxd4 27. Rxd4 Ba6 28. Ke3 Bxb5 29. cxb5 Nd7 30. Rh4 Rc3+ 31. Kd2 Ra3 32. Bd1 Nc5 33. Bc2 Ra1 34. g3 h6 35. f4 Nxa4 36. f5 Nc5 37. fxe6 Nxe6 38. Rxh6 Rf1 39. Rh8 Rf6 40. g4 Nd4 41. Bd3 Nf3+ 42. Kc3 Ne5 43. Bf5 Rd6 44. Rb8 Nf3 45. h3 Ng1 46. h4 Ne2+ 47. Kb2 Nd4 48. Bd3 Ne6 49. Kc3 Nc5 50. Bf5 Kf6 51. Rg8 Ke5 52. h5 Rh6 53. Rc8 Na4+ 54. Kc4 Rd6 55. Rc6 Rd4+ 56. Kb3 Nc5+ 57. Kc2 Rc4+ 58. Kd1 Rc3 59. h6 Rh3 60. h7 a4 61. Rc8 a3 62. h8Q+ Rxh8 63. Rxh8 a2 64. Ra8 1-0